Carolina Panthers Statistical Leaders since 2000 (NFL) - Statistics

General Stats
  • This quiz has been taken 26 times
    5 since last reset
  • The average score is 236 of 312
Answer Stats
Category Year Stat Answer % Correct
Rushing TDs 2021 5 3-Way Tie
100%
Passing Yards 2023 2877 Bryce Young
100%
Passing TDs 2023 11 Bryce Young
100%
Interceptions Thrown 2023 10 Bryce Young
100%
Passing Yards 2024 2403 Bryce Young
100%
Passing TDs 2024 15 Bryce Young
100%
Interceptions Thrown 2024 9 Bryce Young
100%
Passing Yards 2025 3011 Bryce Young
100%
Passing TDs 2025 23 Bryce Young
100%
Interceptions Thrown 2025 11 Bryce Young
100%
Passing Yards 2011 4051 Cam Newton
100%
Passing TDs 2011 21 Cam Newton
100%
Interceptions Thrown 2011 17 Cam Newton
100%
Rushing TDs 2011 14 Cam Newton
100%
Passing Yards 2012 3869 Cam Newton
100%
Passing TDs 2012 19 Cam Newton
100%
Interceptions Thrown 2012 12 Cam Newton
100%
Rushing Yards 2012 741 Cam Newton
100%
Rushing TDs 2012 8 Cam Newton
100%
Passing Yards 2013 3379 Cam Newton
100%
Passing TDs 2013 24 Cam Newton
100%
Interceptions Thrown 2013 13 Cam Newton
100%
Rushing TDs 2013 6 Cam Newton
100%
Passing Yards 2014 3127 Cam Newton
100%
Passing TDs 2014 18 Cam Newton
100%
Interceptions Thrown 2014 12 Cam Newton
100%
Rushing TDs 2014 5 Cam Newton
100%
Passing Yards 2015 3837 Cam Newton
100%
Passing TDs 2015 35 Cam Newton
100%
Interceptions Thrown 2015 10 Cam Newton
100%
Rushing TDs 2015 10 Cam Newton
100%
Passing Yards 2016 3509 Cam Newton
100%
Passing TDs 2016 19 Cam Newton
100%
Interceptions Thrown 2016 14 Cam Newton
100%
Passing Yards 2017 3302 Cam Newton
100%
Passing TDs 2017 22 Cam Newton
100%
Interceptions Thrown 2017 16 Cam Newton
100%
Rushing Yards 2017 754 Cam Newton
100%
Passing Yards 2018 3395 Cam Newton
100%
Passing TDs 2018 24 Cam Newton
100%
Interceptions Thrown 2018 13 Cam Newton
100%
Passing Yards 2001 2931 Chris Weinke
100%
Passing TDs 2001 11 Chris Weinke
100%
Interceptions Thrown 2001 19 Chris Weinke
100%
Rushing TDs 2001 6 Chris Weinke
100%
Rushing Attempts 2021 172 Chuba Hubbard
100%
Rushing Yards 2021 612 Chuba Hubbard
100%
Rushing Attempts 2023 238 Chuba Hubbard
100%
Rushing Yards 2023 902 Chuba Hubbard
100%
Rushing TDs 2023 5 Chuba Hubbard
100%
Rushing Attempts 2024 250 Chuba Hubbard
100%
Rushing Yards 2024 1195 Chuba Hubbard
100%
Rushing TDs 2024 10 Chuba Hubbard
100%
Receiving Yards 2019 1175 D.J. Moore
100%
Receiving Yards 2020 1193 D.J. Moore
100%
Receiving TDs 2020 4 D.J. Moore
100%
Receiving Yards 2021 1157 D.J. Moore
100%
Receptions 2021 93 D.J. Moore
100%
Receiving Yards 2022 888 D.J. Moore
100%
Receiving TDs 2022 7 D.J. Moore
100%
Receptions 2022 63 D.J. Moore
100%
Passing Yards 2003 3219 Jake Delhomme
100%
Passing TDs 2003 19 Jake Delhomme
100%
Interceptions Thrown 2003 16 Jake Delhomme
100%
Passing Yards 2004 3886 Jake Delhomme
100%
Passing TDs 2004 29 Jake Delhomme
100%
Interceptions Thrown 2004 15 Jake Delhomme
100%
Passing Yards 2005 3421 Jake Delhomme
100%
Passing TDs 2005 24 Jake Delhomme
100%
Interceptions Thrown 2005 16 Jake Delhomme
100%
Passing Yards 2006 2805 Jake Delhomme
100%
Passing TDs 2006 17 Jake Delhomme
100%
Interceptions Thrown 2006 11 Jake Delhomme
100%
Passing TDs 2007 8 Jake Delhomme
100%
Passing Yards 2008 3288 Jake Delhomme
100%
Passing TDs 2008 15 Jake Delhomme
100%
Interceptions Thrown 2008 12 Jake Delhomme
100%
Passing Yards 2009 2015 Jake Delhomme
100%
Interceptions Thrown 2009 18 Jake Delhomme
100%
Rushing Attempts 2009 221 Jonathan Stewart
100%
Rushing Yards 2009 1133 Jonathan Stewart
100%
Rushing TDs 2009 10 Jonathan Stewart
100%
Rushing Attempts 2010 178 Jonathan Stewart
100%
Rushing Yards 2010 770 Jonathan Stewart
100%
Rushing Attempts 2014 175 Jonathan Stewart
100%
Rushing Yards 2014 809 Jonathan Stewart
100%
Rushing Attempts 2015 242 Jonathan Stewart
100%
Rushing Yards 2015 989 Jonathan Stewart
100%
Rushing Attempts 2016 218 Jonathan Stewart
100%
Rushing Yards 2016 824 Jonathan Stewart
100%
Rushing TDs 2016 9 Jonathan Stewart
100%
Rushing Attempts 2017 198 Jonathan Stewart
100%
Rushing Attempts 2002 209 Lamar Smith
100%
Rushing Yards 2002 737 Lamar Smith
100%
Rushing TDs 2002 7 Lamar Smith
100%
Passing TDs 2010 5 Matt Moore
100%
Interceptions Thrown 2010 10 Matt Moore
100%
Receiving Yards 2002 872 Steve Smith Sr.
100%
Receiving Yards 2003 1110 Steve Smith Sr.
100%
Receiving TDs 2003 7 Steve Smith Sr.
100%
Receptions 2003 88 Steve Smith Sr.
100%
Receiving Yards 2005 1563 Steve Smith Sr.
100%
Receiving TDs 2005 12 Steve Smith Sr.
100%
Receptions 2005 103 Steve Smith Sr.
100%
Receiving Yards 2006 1166 Steve Smith Sr.
100%
Receiving TDs 2006 8 Steve Smith Sr.
100%
Receptions 2006 83 Steve Smith Sr.
100%
Receiving Yards 2007 1002 Steve Smith Sr.
100%
Receiving TDs 2007 7 Steve Smith Sr.
100%
Receptions 2007 87 Steve Smith Sr.
100%
Receiving Yards 2008 1421 Steve Smith Sr.
100%
Receiving TDs 2008 6 Steve Smith Sr.
100%
Receptions 2008 78 Steve Smith Sr.
100%
Receiving Yards 2009 982 Steve Smith Sr.
100%
Receiving TDs 2009 7 Steve Smith Sr.
100%
Receptions 2009 65 Steve Smith Sr.
100%
Receiving Yards 2010 554 Steve Smith Sr.
100%
Receptions 2010 46 Steve Smith Sr.
100%
Receiving Yards 2011 1394 Steve Smith Sr.
100%
Receiving TDs 2011 7 Steve Smith Sr.
100%
Receptions 2011 79 Steve Smith Sr.
100%
Receiving Yards 2012 1174 Steve Smith Sr.
100%
Receptions 2012 73 Steve Smith Sr.
100%
Passing TDs 2009 8 Tie
100%
Interceptions 2013 4 Tie
100%
Rushing TDs 2017 6 Tie
100%
Sacks 2025 5 Tie
100%
Interceptions 2021 2 3-Way Tie
80%
Interceptions 2012 2 4-Way Tie
80%
Receiving Yards 2023 1014 Adam Thielen
80%
Receptions 2023 103 Adam Thielen
80%
Receiving Yards 2024 615 Adam Thielen
80%
Receiving TDs 2024 5 Adam Thielen
80%
Passing Yards 2022 1313 Baker Mayfield
80%
Interceptions Thrown 2022 6 Baker Mayfield
80%
Sacks 2010 11.5 Charles Johnson
80%
Sacks 2011 9 Charles Johnson
80%
Sacks 2012 12.5 Charles Johnson
80%
Sacks 2014 8.5 Charles Johnson
80%
Receptions 2017 80 Christian McCaffrey
80%
Rushing Attempts 2018 219 Christian McCaffrey
80%
Rushing Yards 2018 1098 Christian McCaffrey
80%
Rushing TDs 2018 7 Christian McCaffrey
80%
Receiving Yards 2018 867 Christian McCaffrey
80%
Receiving TDs 2018 6 Christian McCaffrey
80%
Receptions 2018 107 Christian McCaffrey
80%
Rushing Attempts 2019 287 Christian McCaffrey
80%
Rushing Yards 2019 1387 Christian McCaffrey
80%
Rushing TDs 2019 15 Christian McCaffrey
80%
Receptions 2019 116 Christian McCaffrey
80%
Rushing TDs 2007 4 DeAngelo Williams
80%
Rushing Attempts 2008 273 DeAngelo Williams
80%
Rushing Yards 2008 1515 DeAngelo Williams
80%
Rushing TDs 2008 18 DeAngelo Williams
80%
Rushing Attempts 2011 155 DeAngelo Williams
80%
Rushing Yards 2011 836 DeAngelo Williams
80%
Rushing Attempts 2012 173 DeAngelo Williams
80%
Rushing Attempts 2013 201 DeAngelo Williams
80%
Rushing Yards 2013 843 DeAngelo Williams
80%
Interceptions 2000 5 Eric Davis
80%
Total Tackles 2010 130 James Anderson
80%
Total Tackles 2011 145 James Anderson
80%
Interceptions 2022 3 Jaycee Horn
80%
Interceptions 2025 5 Jaycee Horn
80%
Sacks 2000 6 Jay Williams
80%
Passing Yards 2010 1558 Jimmy Clausen
80%
Sacks 2002 12 Julius Peppers
80%
Sacks 2004 11 Julius Peppers
80%
Sacks 2005 10.5 Julius Peppers
80%
Sacks 2006 13 Julius Peppers
80%
Sacks 2008 14.5 Julius Peppers
80%
Sacks 2009 10.5 Julius Peppers
80%
Passing Yards 2019 3322 Kyle Allen
80%
Passing TDs 2019 17 Kyle Allen
80%
Interceptions Thrown 2019 16 Kyle Allen
80%
Total Tackles 2012 164 Luke Kuechly
80%
Total Tackles 2013 156 Luke Kuechly
80%
Total Tackles 2014 153 Luke Kuechly
80%
Total Tackles 2015 118 Luke Kuechly
80%
Total Tackles 2017 125 Luke Kuechly
80%
Interceptions 2017 3 Luke Kuechly
80%
Total Tackles 2018 130 Luke Kuechly
80%
Total Tackles 2019 144 Luke Kuechly
80%
Rushing Attempts 2020 165 Mike Davis
80%
Rushing Yards 2020 642 Mike Davis
80%
Rushing TDs 2020 6 Mike Davis
80%
Receiving Yards 2000 1183 Muhsin Muhammad
80%
Receiving TDs 2000 6 Muhsin Muhammad
80%
Receptions 2000 102 Muhsin Muhammad
80%
Receptions 2002 63 Muhsin Muhammad
80%
Receiving Yards 2004 1405 Muhsin Muhammad
80%
Receiving TDs 2004 16 Muhsin Muhammad
80%
Receptions 2004 93 Muhsin Muhammad
80%
Rushing Attempts 2025 236 Rico Dowdle
80%
Rushing Yards 2025 1076 Rico Dowdle
80%
Rushing TDs 2025 6 Rico Dowdle
80%
Receptions 2020 95 Robbie Chosen
80%
Receiving TDs 2021 5 Robbie Chosen
80%
Passing Yards 2002 2630 Rodney Peete
80%
Passing TDs 2002 15 Rodney Peete
80%
Interceptions Thrown 2002 14 Rodney Peete
80%
Passing Yards 2021 2527 Sam Darnold
80%
Passing TDs 2021 9 Sam Darnold
80%
Interceptions Thrown 2021 13 Sam Darnold
80%
Passing TDs 2022 7 Sam Darnold
80%
Rushing Attempts 2003 318 Stephen Davis
80%
Rushing Yards 2003 1444 Stephen Davis
80%
Rushing TDs 2003 8 Stephen Davis
80%
Rushing TDs 2005 12 Stephen Davis
80%
Passing Yards 2000 3730 Steve Beuerlein
80%
Passing TDs 2000 19 Steve Beuerlein
80%
Interceptions Thrown 2000 18 Steve Beuerlein
80%
Passing Yards 2020 3733 Teddy Bridgewater
80%
Passing TDs 2020 15 Teddy Bridgewater
80%
Interceptions Thrown 2020 11 Teddy Bridgewater
80%
Receiving TDs 2015 10 Ted Ginn Jr.
80%
Receiving Yards 2025 1014 Tetairoa McMillan
80%
Receiving TDs 2025 7 Tetairoa McMillan
80%
Receptions 2025 70 Tetairoa McMillan
80%
Total Tackles 2016 106 Thomas Davis
80%
Sacks 2017 11 Tie
80%
Interceptions 2003 3 3-Way Tie
60%
Interceptions 2019 3 3-Way Tie
60%
Sacks 2020 9 Brian Burns
60%
Sacks 2022 12.5 Brian Burns
60%
Sacks 2023 8 Brian Burns
60%
Interceptions 2004 6 Chris Gamble
60%
Interceptions 2005 7 Chris Gamble
60%
Rushing Attempts 2005 205 DeShaun Foster
60%
Rushing Yards 2005 879 DeShaun Foster
60%
Rushing Attempts 2006 227 DeShaun Foster
60%
Rushing Yards 2006 897 DeShaun Foster
60%
Rushing TDs 2006 3 DeShaun Foster
60%
Rushing Attempts 2007 247 DeShaun Foster
60%
Rushing Yards 2007 876 DeShaun Foster
60%
Receiving Yards 2017 840 Devin Funchess
60%
Receiving TDs 2017 8 Devin Funchess
60%
Rushing Attempts 2022 203 D’Onta Foreman
60%
Rushing Yards 2022 914 D’Onta Foreman
60%
Rushing TDs 2022 5 D’Onta Foreman
60%
Interceptions 2018 4 Donte Jackson
60%
Interceptions 2020 3 Donte Jackson
60%
Receiving TDs 2012 5 Greg Olsen
60%
Receiving Yards 2013 816 Greg Olsen
60%
Receiving TDs 2013 6 Greg Olsen
60%
Receptions 2013 73 Greg Olsen
60%
Receptions 2014 84 Greg Olsen
60%
Receiving Yards 2015 1104 Greg Olsen
60%
Receptions 2015 77 Greg Olsen
60%
Receiving Yards 2016 1073 Greg Olsen
60%
Receptions 2016 80 Greg Olsen
60%
Receiving TDs 2014 9 Kelvin Benjamin
60%
Receiving TDs 2016 7 Kelvin Benjamin
60%
Interceptions 2006 3 Tie
60%
Interceptions 2008 3 Tie
60%
Interceptions 2009 4 Tie
60%
Interceptions 2011 3 Tie
60%
Receiving Yards 2014 1008 Tie
60%
Passing Yards 2007 952 Vinny Testaverde
60%
Interceptions Thrown 2007 6 Vinny Testaverde
60%
Total Tackles 2025 122 Christian Rozeboom
40%
Receiving TDs 2019 6 Curtis Samuel
40%
Total Tackles 2023 125 Frankie Luvu
40%
Sacks 2021 11 Haason Reddick
40%
Total Tackles 2007 140 Jon Beason
40%
Total Tackles 2008 138 Jon Beason
40%
Total Tackles 2009 141 Jon Beason
40%
Interceptions 2015 7 Kurt Coleman
40%
Interceptions 2016 4 Kurt Coleman
40%
Total Tackles 2000 125 Mike Minter
40%
Interceptions 2002 4 Mike Minter
40%
Total Tackles 2022 135 Shaq Thompson
40%
Rushing TDs 2000 2 Tie
40%
Rushing Attempts 2000 173 Tim Biakabutuka
40%
Rushing Yards 2000 627 Tim Biakabutuka
40%
Receiving TDs 2001 5 Wesley Walls
40%
Receiving TDs 2002 4 Wesley Walls
40%
Receptions 2024 49 Xavier Legette
40%
Interceptions 2010 5 Charles Godfrey
20%
Receiving TDs 2023 5 DJ Chark
20%
Sacks 2013 15 Greg Hardy
20%
Total Tackles 2020 117 Jeremy Chinn
20%
Total Tackles 2021 107 Jeremy Chinn
20%
Sacks 2015 11 Kawann Short
20%
Sacks 2016 9.5 Mario Addison
20%
Sacks 2018 9 Mario Addison
20%
Sacks 2019 9.5 Mario Addison
20%
Sacks 2001 9 Mike Rucker
20%
Sacks 2003 12 Mike Rucker
20%
Sacks 2007 3.5 Tie
20%
Sacks 2024 5.5 Tie
20%
Total Tackles 2003 99 Will Witherspoon
20%
Total Tackles 2004 103 Will Witherspoon
20%
Interceptions 2023 2 Xavier Woods
20%
Total Tackles 2024 119 Xavier Woods
20%
Interceptions 2024 3 Xavier Woods
20%
Total Tackles 2006 110 Chris Draft
0%
Receiving TDs 2010 3 David Gettis
0%
Receiving Yards 2001 597 Donald Hayes
0%
Receptions 2001 52 Donald Hayes
0%
Interceptions 2001 8 Doug Evans
0%
Total Tackles 2001 93 Lester Towns
0%
Total Tackles 2002 103 Mark Fields
0%
Total Tackles 2005 88 Marlon McCree
0%
Rushing TDs 2010 3 Mike Goodson
0%
Rushing Attempts 2004 217 Nick Goings
0%
Rushing Yards 2004 821 Nick Goings
0%
Rushing TDs 2004 6 Nick Goings
0%
Rushing Attempts 2001 165 Richard Huntley
0%
Rushing Yards 2001 665 Richard Huntley
0%
Interceptions 2014 4 Roman Harper
0%
Interceptions 2007 3 Tie
0%
No matching quizzes found
Score Distribution
Percent of People with Each Score
Percentile by Number Answered
Your Score History
You have not taken this quiz since the last reset